000 00300nam a22001337a 4500
008 170804b xxu||||| |||| 00| 0 eng d
020 _a9780735619814
041 _aeng
080 _a004
100 _a33
101 _aSHK
245 _aWINDOWS SCRIPTING LEARNING GUIDE
_cWILSON,E
942 _2udc
_cBK
999 _c22668
_d22668